书目信息 |
| 题名: |
吃出女人美丽资本
|
|
| 作者: | 顾奎琴 编著 | |
| 分册: | ||
| 出版信息: | 北京 新华出版社 2009 |
|
| 页数: | 218页 | |
| 开本: | 23cm | |
| 丛书名: | ||
| 单 册: | ||
| 中图分类: | R153.1 , TS972.164 | |
| 科图分类: | ||
| 主题词: | 女性--饮食营养学 , 女性--保健--食谱 , 女性 , 饮食营养学 , 保健 , 食谱 | |
| 电子资源: | ||
| ISBN: | 978-7-5011-8641-9 | |
| 000 | 01098nam0 2200313 45 | |
| 001 | 1050746343 | |
| 005 | 20100420093209.76 | |
| 010 | @a978-7-5011-8641-9@dCNY28.00 | |
| 100 | @a20100408d2009 em y0chiy0120 ea | |
| 101 | 0 | @achi |
| 102 | @aCN@b110000 | |
| 105 | @aa z 000yy | |
| 106 | @ar | |
| 200 | 1 | @a吃出女人美丽资本@AChi Chu Nu^ Ren Mei Li Zi Ben@f顾奎琴编著@FGu Kui Qin Bian Zhu |
| 210 | @a北京@c新华出版社@d2009 | |
| 215 | @a218页@c图@d23cm | |
| 300 | @a顾老师 食疗·美容·养生 | |
| 330 | @a本书对当今最有效、最持久的美容之道——饮食的内在调养以及食物外养的方法作了指导,包括美容、美体与香身的全面美丽内容。介绍了如何有准备、有选择、有目的地吃出美丽容颜、体散幽香、健康的富有曲线的形体美,如何制作各种美容保养和调理的食物面膜,提供了多种食物内养方和面膜美容方。 | |
| 606 | 0 | @a女性@x饮食营养学 |
| 606 | 0 | @a女性@x保健@x食谱 |
| 606 | 0 | @a女性 |
| 606 | 0 | @a饮食营养学 |
| 606 | 0 | @a保健 |
| 606 | 0 | @a食谱 |
| 690 | @aR153.1@v4 | |
| 690 | @aTS972.164@v4 | |
| 701 | 0 | @a顾奎琴@AGu Kui Qin@4编著 |
| 801 | 0 | @aCN@bTANGWEI@c20100420 |
| 905 | @b0590152-55@dR153.1@e89@f4 | |
| 吃出女人美丽资本/顾奎琴编著.-北京:新华出版社,2009 |
| 218页:图;23cm |
| 顾老师 食疗·美容·养生 |
| ISBN 978-7-5011-8641-9:CNY28.00 |
| 本书对当今最有效、最持久的美容之道——饮食的内在调养以及食物外养的方法作了指导,包括美容、美体与香身的全面美丽内容。介绍了如何有准备、有选择、有目的地吃出美丽容颜、体散幽香、健康的富有曲线的形体美,如何制作各种美容保养和调理的食物面膜,提供了多种食物内养方和面膜美容方。 |
| ● |
| 相关链接 |
|
|
|
|
正题名:吃出女人美丽资本
索取号:R153.1/89
 
预约/预借
| 序号 | 登录号 | 条形码 | 馆藏地/架位号 | 状态 | 备注 |
| 1 | 0590152 | 205901522 | 第二样本阅览室/ [索取号:R153.1/89] | 在馆 | |
| 2 | 0590153 | 205901531 | 第三借阅区/ [索取号:R153.1/89] | 在馆 | |
| 3 | 0590154 | 205901540 | 第三借阅区/ [索取号:R153.1/89] |
已借出,限还日期为2026.03.16 借出人:李笑宇 |
|
| 4 | 0590155 | 205901559 | 第三借阅区/ [索取号:R153.1/89] | 在馆 |